Program Imagine a jeho možnosti pri vyučovaní grafov funkcií

Gespeichert in:
Bibliographische Detailangaben
1. Verfasser: Slaninka, František, 1973-
Format: Buchkapitel
Sprache:Slowakisch
Schlagworte:
Tags: Tag hinzufügen
Keine Tags, Fügen Sie das erste Tag hinzu!

MARC

LEADER 00000naa$a2200000$$$4500
001 0080416
005 20240502071918.1
041 0 |a slo 
044 |a SK 
245 1 0 |a Program Imagine a jeho možnosti pri vyučovaní grafov funkcií  |c František Slaninka 
610 2 0 |a programovanie 
610 2 0 |a jazyky programovacie 
610 2 0 |a grafy 
100 1 |a Slaninka, František, 1973-